[Event "Rewal 2011 - Open B"]
[Site "Rewal"]
[Date "2011.08.24"]
[Round "5.41"]
[White "Baryla, Lukasz"]
[Black "Zhuk, Ivan"]
[Result "0-1"]
[WhiteElo "1860"]
[BlackElo "1584"]
[EventDate "2011.??.??"]
[PlyCount "90"]

1.e4 e6 2.d4 d5 3.exd5 exd5 4.Bd3 Bd6 5.Nf3 Bg4 6.c3 h6 7.Be3 Nf6 8.Nbd2 
c6 9.Qc2 Nbd7 10.h3 Be6 11.O-O O-O 12.Rfe1 Qc7 13.Nh4 c5 14.Nf5 c4 15.Be2 
Ne4 16.Nxd6 Nxd6 17.Bf4 Qc6 18.Bf3 Bf5 19.Qd1 Nf6 20.Be5 Nde4 21.Bxf6 Nxf6
22.Nf1 Rfe8 23.Ne3 Be4 24.Ng4 Nxg4 25.Bxg4 Qb6 26.Qd2 Qg6 27.Qd1 Rad8 28.
Rc1 Qa6 29.a3 Qb6 30.Qd2 Qg6 31.Qd1 b5 32.Bf3 Re6 33.Bxe4 dxe4 34.Re3 Rd5 
35.Rg3 Rg5 36.Rxg5 Qxg5 37.Rc2 f5 38.Qd2 f4 39.Qc1 Rg6 40.Qe1 Qf5 41.Kh2 
f3 42.g3 e3 43.Rc1 e2 44.Qg1 Re6 45.Re1 Qd3 0-1

[Event "Rewal 2011 - Open B"]
[Site "Rewal"]
[Date "2011.08.24"]
[Round "5.42"]
[White "Smal, Tobiasz"]
[Black "Majdan, Damian"]
[Result "1-0"]
[WhiteElo "1711"]
[BlackElo "1829"]
[EventDate "2011.??.??"]
[PlyCount "67"]

1.e4 c6 2.Nc3 d5 3.Nf3 dxe4 4.Nxe4 Nd7 5.Qe2 e6 6.g3 Ngf6 7.Nxf6+ Nxf6 8.
Bg2 Be7 9.O-O O-O 10.d4 c5 11.Be3 Qc7 12.Rad1 Rd8 13.dxc5 Nd5 14.c4 Nxe3 
15.Qxe3 Rxd1 16.Rxd1 Bxc5 17.Qe5 Qe7 18.a3 f6 19.Qe2 Bd7 20.b4 Bb6 21.c5 
Bc7 22.Nd4 Rb8 23.Bd5 Be5 24.Nf5 Qe8 25.Ba2 Kh8 26.Nd6 Qe7 27.f4 Bxd6 28.
cxd6 Qe8 29.Re1 Bc6 30.Qxe6 Qh5 31.d7 Rd8 32.Qf7 Qxf7 33.Bxf7 Bxd7 34.Rd1 
1-0

[Event "Rewal 2011 - Open B"]
[Site "Rewal"]
[Date "2011.08.24"]
[Round "5.43"]
[White "Sliwicka, Alicja"]
[Black "Klimek, Marcin"]
[Result "0-1"]
[WhiteElo "1609"]
[BlackElo "1827"]
[EventDate "2011.??.??"]
[PlyCount "58"]

1.e4 e6 2.d4 d5 3.exd5 exd5 4.Bd3 Bd6 5.Qf3 Nc6 6.Ne2 Nge7 7.O-O h5 8.h3 
Be6 9.Bg5 Qd7 10.Bxe7 Nxe7 11.a4 g5 12.Qe3 O-O-O 13.Na3 Rdg8 14.Nb5 Bf4 
15.Nxf4 gxf4 16.Qxf4 Bxh3 17.g3 Bxf1 18.Bxf1 Kb8 19.Re1 Ng6 20.Qd2 c6 21.
Nc3 h4 22.Ne2 Qg4 23.Bg2 hxg3 24.fxg3 Nh4 25.Qd3 Nxg2 26.Kxg2 Re8 27.Qd2 
Qe4+ 28.Kf1 Rh1+ 29.Kf2 Rh2+ 0-1

[Event "Rewal 2011 - Open B"]
[Site "Rewal"]
[Date "2011.08.24"]
[Round "5.44"]
[White "Murawko, Katarzyna"]
[Black "Zhuk, Dmitriy"]
[Result "1-0"]
[WhiteElo "1796"]
[BlackElo "1610"]
[EventDate "2011.??.??"]
[PlyCount "79"]

1.e4 e6 2.d4 d5 3.Nc3 Bb4 4.e5 c5 5.Ne2 Bd7 6.a3 Bxc3+ 7.Nxc3 cxd4 8.Qxd4 
Nc6 9.Qg4 g6 10.Qg3 a6 11.Bd3 Qc7 12.Bf4 O-O-O 13.O-O-O h6 14.Nxd5 Qa5 15.
Nc3 g5 16.Be3 Nge7 17.f4 gxf4 18.Bxf4 Nd5 19.Nxd5 Qxd5 20.Kb1 Rhg8 21.Qe3 
Kb8 22.Be4 Qb5 23.Rd6 Na5 24.Rb6 Qc4 25.Bd3 Qc7 26.Bxa6 Nc4 27.Bxc4 Qxc4 
28.g3 Bc6 29.Re1 Rd7 30.Rb4 Qd5 31.Qb6 Rg4 32.h3 Rxf4 33.Rxf4 Qd2 34.Rg1 
Rd8 35.Rc4 Kc8 36.b4 Qe2 37.Rd4 Bd7 38.Qc5+ Bc6 39.Rxd8+ Kxd8 40.Qd6+ 1-0

[Event "Rewal 2011 - Open B"]
[Site "Rewal"]
[Date "2011.08.24"]
[Round "5.45"]
[White "Mazur, Bartlomiej"]
[Black "Hagner, Pawel"]
[Result "0-1"]
[WhiteElo "1531"]
[BlackElo "1781"]
[EventDate "2011.??.??"]
[PlyCount "108"]

1.g3 g6 2.Bg2 Bg7 3.c4 c5 4.e3 Nc6 5.Ne2 d6 6.d4 cxd4 7.exd4 Nf6 8.Nbc3 
O-O 9.O-O a6 10.Be3 Rb8 11.a3 Na5 12.c5 Nc4 13.Qb3 Nxe3 14.fxe3 dxc5 15.
dxc5 Qd3 16.e4 Qe3+ 17.Kh1 Ng4 18.Rf3 Qxc5 19.Raf1 Be6 20.Nd5 Bxd5 21.exd5
Ne5 22.Rc3 Qd6 23.Rc2 b5 24.Nd4 Rbc8 25.Rfc1 Rxc2 26.Rxc2 Nc4 27.Nc6 e6 
28.Re2 e5 29.a4 Qc5 30.axb5 axb5 31.Qb4 Qxb4 32.Nxb4 Ra8 33.h3 Nd6 34.Nd3 
Re8 35.Rc2 e4 36.Nb4 e3 37.Kg1 e2 38.Nd3 Bd4+ 39.Kh2 e1=Q 40.Nxe1 Rxe1 41.
Rc6 Nf5 42.h4 Be5 43.Bh3 Nxg3 44.Kg2 Rd1 45.Rc5 Ne4 46.Rxb5 Rd2+ 47.Kf3 
Nd6 48.Rb8+ Kg7 49.b4 Rxd5 50.Bf1 Rd4 51.b5 Rxh4 52.b6 Rb4 53.Bg2 Nc4 54.
b7 Bxb8 0-1

[Event "Rewal 2011 - Open B"]
[Site "Rewal"]
[Date "2011.08.24"]
[Round "5.46"]
[White "Mirski, Roman"]
[Black "Duda, Ryszard"]
[Result "0-1"]
[WhiteElo "1591"]
[BlackElo "1760"]
[EventDate "2011.??.??"]
[PlyCount "78"]

1.e4 c5 2.Nf3 d6 3.d4 cxd4 4.Nxd4 Nf6 5.f3 Nc6 6.c4 Qb6 7.Nc2 g6 8.Nc3 e6 
9.Be3 Qd8 10.Qd2 a6 11.Rd1 Be7 12.Be2 O-O 13.O-O Qc7 14.Rc1 Rd8 15.Rfd1 
Ne5 16.Na4 Ned7 17.b4 a5 18.Nc3 axb4 19.Nb5 Qa5 20.Ncd4 Nc5 21.Nb3 Qxa2 
22.Nxc5 dxc5 23.Qe1 Rxd1 24.Rxd1 e5 25.Bg5 Qa5 26.Qh4 Ra6 27.f4 Re6 28.f5 
Rc6 29.Nd6 Rxd6 30.Rxd6 Bxd6 31.Bxf6 Bf8 32.Bd8 Qa1+ 33.Kf2 Qd4+ 34.Kf1 b3
35.fxg6 hxg6 36.Bf6 Bg7 37.Bg5 b2 38.Qe1 Qxe4 39.Bf3 Qxe1+ 0-1

[Event "Rewal 2011 - Open B"]
[Site "Rewal"]
[Date "2011.08.24"]
[Round "5.47"]
[White "Biszof, Henryk"]
[Black "Dobrzanska, Magdalena"]
[Result "1/2-1/2"]
[WhiteElo "1747"]
[BlackElo "1417"]
[EventDate "2011.??.??"]
[PlyCount "52"]

1.e4 c5 2.Nf3 Nc6 3.d4 cxd4 4.Nxd4 Nf6 5.Nc3 e5 6.Ndb5 a6 7.Na3 d6 8.Bg5 
b5 9.Nd5 Be7 10.Bxf6 Bxf6 11.c3 Bg5 12.Nc2 O-O 13.Bd3 f5 14.exf5 Bxf5 15.
Bxf5 Rxf5 16.Nde3 Rf7 17.O-O Qd7 18.Qd5 Rf8 19.Rad1 Rd8 20.c4 Ne7 21.Qd3 
Qc6 22.cxb5 axb5 23.Qb3 Rf8 24.Qd3 Rd8 25.Qb3 Rf8 26.Rd3 Rd8 1/2-1/2

[Event "Rewal 2011 - Open B"]
[Site "Rewal"]
[Date "2011.08.24"]
[Round "5.49"]
[White "Bilczewski, Kacper"]
[Black "Poswiatowski, Stanislaw"]
[Result "1-0"]
[WhiteElo "1531"]
[BlackElo "1718"]
[EventDate "2011.??.??"]
[PlyCount "87"]

1.e4 Nc6 2.d4 d5 3.e5 Bf5 4.Nf3 e6 5.Bb5 a6 6.Bxc6+ bxc6 7.O-O Qd7 8.Be3 
Bb4 9.c3 Ba5 10.Nbd2 Ne7 11.Nh4 O-O 12.f4 Bb6 13.Kh1 h6 14.g4 Bh7 15.Nhf3 
Ba7 16.Rg1 Kh8 17.Nh4 a5 18.g5 Nf5 19.Nxf5 Bxf5 20.gxh6 gxh6 21.Qh5 Kh7 
22.Rg3 Rg8 23.Rag1 Rg6 24.Rxg6 fxg6 25.Qh4 Qd8 26.Qg3 Qe7 27.h4 h5 28.Nf3 
Be4 29.Kg2 a4 30.Kf2 Bf5 31.Ng5+ Kg7 32.Rg2 Rb8 33.Kg1 Bb6 34.Qf2 Ba5 35.
Kh2 a3 36.b4 Bb6 37.Qd2 Qf8 38.Qf2 Bg4 39.Rxg4 Qf5 40.Rg2 Ra8 41.Qg3 Rb8 
42.Qh3 Qxh3+ 43.Kxh3 Re8 44.Bc1 1-0

[Event "Rewal 2011 - Open B"]
[Site "Rewal"]
[Date "2011.08.24"]
[Round "5.50"]
[White "Borowicz, Miroslaw"]
[Black "Jasniewicz, Rafal"]
[Result "1-0"]
[WhiteElo "1776"]
[BlackElo "1605"]
[EventDate "2011.??.??"]
[PlyCount "75"]

1.d4 Nf6 2.c4 d6 3.Nc3 g6 4.e4 Bg7 5.f4 Bg4 6.Nf3 Nbd7 7.Be2 Bxf3 8.Bxf3 
e5 9.fxe5 dxe5 10.d5 c6 11.O-O O-O 12.Be3 Rc8 13.Qd2 cxd5 14.cxd5 Nb6 15.
b3 a6 16.Rac1 Qd6 17.Qf2 Nbd7 18.Na4 b5 19.Nc5 b4 20.Nxd7 Nxd7 21.Rxc8 
Rxc8 22.Bg4 Rf8 23.Bxd7 Qxd7 24.Rc1 Rc8 25.Rc4 Bf8 26.Qc2 Rxc4 27.bxc4 f5 
28.c5 Kf7 29.c6 Qc8 30.Qc4 Bd6 31.Bc5 Bxc5+ 32.Qxc5 fxe4 33.Qa7+ Kf6 34.c7
Qg4 35.Qxa6+ Kg7 36.c8=Q Qd1+ 37.Qf1 Qd4+ 38.Kh1 1-0

[Event "Rewal 2011 - Open B"]
[Site "Rewal"]
[Date "2011.08.24"]
[Round "5.51"]
[White "Maczka, Miroslawa"]
[Black "Knap, Jerzy"]
[Result "1/2-1/2"]
[WhiteElo "1589"]
[BlackElo "1913"]
[EventDate "2011.??.??"]
[PlyCount "54"]

1.c4 c5 2.Nc3 Nc6 3.e3 Nf6 4.d4 d6 5.Nf3 e6 6.Bd3 d5 7.O-O Be7 8.dxc5 Bxc5
9.Qe2 O-O 10.a3 dxc4 11.Bxc4 Qe7 12.b4 Bd6 13.b5 Ne5 14.Nxe5 Bxe5 15.Bb2 
a6 16.a4 Qc7 17.h3 Bd7 18.Rac1 Rfc8 19.Bd3 Qa5 20.Ne4 Bxb2 21.Qxb2 Nxe4 
22.Bxe4 Qb6 23.Qe5 axb5 24.axb5 Rxc1 25.Rxc1 Qxb5 26.Qxb5 Bxb5 27.Bxb7 Rb8
1/2-1/2

[Event "Rewal 2011 - Open B"]
[Site "Rewal"]
[Date "2011.08.24"]
[Round "5.52"]
[White "Koziol, Kamil"]
[Black "Przybylska, Agata"]
[Result "1-0"]
[WhiteElo "1773"]
[BlackElo "1604"]
[EventDate "2011.??.??"]
[PlyCount "113"]

1.e4 e6 2.d4 d5 3.Nc3 Nf6 4.Bg5 Be7 5.e5 Nfd7 6.h4 Bxg5 7.hxg5 Qxg5 8.Nh3 
Qe7 9.Qg4 g6 10.Ng5 h5 11.Qg3 Nc6 12.Rh4 Rg8 13.O-O-O b6 14.Rf4 Rg7 15.Bd3
Bb7 16.Rxf7 Rxf7 17.Nxf7 Nf8 18.Nh8 Kd7 19.Nxg6 Nxg6 20.Bxg6 h4 21.Qg4 Na5
22.Rh1 Rg8 23.f4 Qg7 24.f5 Qh6+ 25.Kb1 Kd8 26.Rxh4 exf5 27.Bxf5 Rxg4 28.
Rxh6 Rxg2 29.b3 c6 30.a4 Rg8 31.Rh7 Rf8 32.Bg6 Rg8 33.Bh5 Bc8 34.Rf7 Bd7 
35.Rf6 Rg1+ 36.Kb2 Rg7 37.e6 Be8 38.Rf8 Re7 39.Rxe8+ Rxe8 40.Bxe8 Kxe8 41.
Ne2 Nb7 42.Nf4 Nd6 43.Ng6 Nf5 44.Kc3 Ng7 45.Ne5 c5 46.dxc5 bxc5 47.Nc6 
Nxe6 48.Nxa7 Kd7 49.Nb5 Kc6 50.b4 cxb4+ 51.Kxb4 Kb6 52.c3 Ka6 53.Nd4 Nc7 
54.Nb3 Kb7 55.Kc5 Kb8 56.Kc6 Kc8 57.Nd4 1-0

[Event "Rewal 2011 - Open B"]
[Site "Rewal"]
[Date "2011.08.24"]
[Round "5.53"]
[White "Stezycka, Paulina"]
[Black "Gotin, Evgeniy"]
[Result "1/2-1/2"]
[WhiteElo "1558"]
[BlackElo "1715"]
[EventDate "2011.??.??"]
[PlyCount "77"]

1.e4 c5 2.Ne2 g6 3.g3 Bg7 4.Bg2 Nc6 5.O-O e6 6.c3 Nge7 7.d3 O-O 8.f4 d6 9.
Nd2 b5 10.Nf3 b4 11.d4 Ba6 12.Be3 Qa5 13.Re1 Bxe2 14.Qxe2 bxc3 15.bxc3 
Qxc3 16.Rac1 Nxd4 17.Nxd4 Qxe3+ 18.Qxe3 Bxd4 19.e5 Bxe3+ 20.Rxe3 d5 21.
Rxc5 Rfc8 22.Rec3 Rxc5 23.Rxc5 Rc8 24.Rxc8+ Nxc8 25.Kf2 Kf8 26.Ke3 Ke7 27.
Kd4 Kd7 28.Kc5 Kc7 29.Bf1 Nb6 30.Bb5 Nd7+ 31.Kd4 Nb8 32.Kc5 a6 33.Ba4 Nd7+
34.Kd4 Nb6 35.Be8 Kd8 36.Bxf7 Ke7 37.Bg8 Nd7 38.g4 Nb8 39.Kc5 1/2-1/2

[Event "Rewal 2011 - Open B"]
[Site "Rewal"]
[Date "2011.08.24"]
[Round "5.55"]
[White "Graczyk, Natalia"]
[Black "Bialowas, Inga"]
[Result "1-0"]
[WhiteElo "1672"]
[BlackElo "1590"]
[EventDate "2011.??.??"]
[PlyCount "107"]

1.e4 c5 2.Nf3 e6 3.d4 cxd4 4.Nxd4 a6 5.Be2 Nf6 6.Nc3 Qc7 7.O-O b5 8.Bf3 
Bb7 9.e5 b4 10.Bxb7 Qxb7 11.exf6 bxc3 12.fxg7 Bxg7 13.bxc3 Nc6 14.Ba3 Qc7 
15.Qd2 Ne7 16.Rab1 d6 17.Rb3 O-O 18.Ne2 Nd5 19.Rfb1 Rab8 20.c4 Rxb3 21.
cxb3 Ne7 22.Qxd6 Qxd6 23.Bxd6 Bf6 24.Ng3 Rd8 25.Ne4 Kg7 26.Nxf6 Kxf6 27.
Bxe7+ Kxe7 28.g3 Rd2 29.a4 Kd6 30.b4 Ra2 31.b5 axb5 32.axb5 Kc5 33.Rc1 Rd2
34.Kg2 e5 35.Kf3 Rd4 36.h3 f5 37.g4 Rd3+ 38.Kg2 f4 39.Re1 Kd4 40.Rc1 Kc5 
41.Rb1 Kxc4 42.b6 Rd8 43.b7 Rb8 44.Kf3 Kd5 45.g5 Kd4 46.h4 Kd5 47.h5 e4+ 
48.Kxf4 Rf8+ 49.Ke3 Rb8 50.g6 hxg6 51.h6 Kc6 52.h7 Kc7 53.Rc1+ Kxb7 54.
Rb1+ 1-0

[Event "Rewal 2011 - Open B"]
[Site "Rewal"]
[Date "2011.08.24"]
[Round "5.56"]
[White "Mazur, Anna"]
[Black "Lapa, Aleksandra"]
[Result "1-0"]
[WhiteElo "1666"]
[BlackElo "1458"]
[EventDate "2011.??.??"]
[PlyCount "65"]

1.e4 c5 2.Nf3 e6 3.d4 cxd4 4.Nxd4 a6 5.Be2 Nc6 6.O-O Bc5 7.Be3 Qb6 8.Nxc6 
bxc6 9.Bxc5 Qxc5 10.Nc3 Nf6 11.Bd3 O-O 12.Kh1 e5 13.f4 d6 14.Na4 Qa5 15.c3
Re8 16.b4 Qd8 17.c4 Rb8 18.a3 exf4 19.Rxf4 d5 20.exd5 cxd5 21.cxd5 Nxd5 
22.Rd4 Re5 23.Bc4 Bb7 24.Nc3 Qe7 25.Nxd5 Bxd5 26.Rxd5 Re3 27.Rd7 Qh4 28.
Bxf7+ Kh8 29.Qd2 Re5 30.Rd1 g6 31.Qc3 Rb5 32.Bd5 Qf6 33.Qc8+ 1-0

[Event "Rewal 2011 - Open B"]
[Site "Rewal"]
[Date "2011.08.24"]
[Round "5.60"]
[White "Zezulkin, Alina"]
[Black "Paterek, Bogumil"]
[Result "1/2-1/2"]
[WhiteElo "1583"]
[BlackElo "1654"]
[EventDate "2011.??.??"]
[PlyCount "34"]

1.e4 d5 2.exd5 Qxd5 3.Nc3 Qa5 4.d4 c6 5.Nf3 Nf6 6.Bd2 Qd8 7.Bc4 Bg4 8.
Bxf7+ Kxf7 9.Ne5+ Kg8 10.Nxg4 Qxd4 11.Nxf6+ exf6 12.O-O Nd7 13.Qe2 Ne5 14.
Be3 Qc4 15.Qd2 Be7 16.Rad1 Kf7 17.Bd4 Rhd8 1/2-1/2

[Event "Rewal 2011 - Open B"]
[Site "Rewal"]
[Date "2011.08.24"]
[Round "5.61"]
[White "Strek, Jaroslaw"]
[Black "Niewiarowski, Mieszko"]
[Result "1-0"]
[WhiteElo "1551"]
[BlackElo "1535"]
[EventDate "2011.??.??"]
[PlyCount "63"]

1.d4 Nf6 2.c4 e6 3.e3 Bb4+ 4.Nc3 O-O 5.Bd3 c5 6.Nf3 d5 7.O-O dxc4 8.Bxc4 
cxd4 9.Nxd4 Qc7 10.Qb3 Bxc3 11.Qxc3 a6 12.a4 Nbd7 13.Nxe6 Qd6 14.Nxf8 Nxf8
15.Qd4 Qc7 16.b3 Ng6 17.Bb2 Bf5 18.Rfd1 Qc6 19.Rac1 Qe8 20.Qb6 Be4 21.Bxf6
gxf6 22.Qxf6 Bc6 23.Rd4 Ne5 24.Rcd1 Nd7 25.Rg4+ Kf8 26.Qg7+ Ke7 27.Bd5 Nf6
28.Qg5 Bxd5 29.Rxd5 Qc6 30.Re4+ Kf8 31.Qh6+ Kg8 32.Rg5+ 1-0

[Event "Rewal 2011 - Open B"]
[Site "Rewal"]
[Date "2011.08.24"]
[Round "5.62"]
[White "Bzowski, Grzegorz"]
[Black "Budnik, Kazimierz"]
[Result "1-0"]
[WhiteElo "1717"]
[BlackElo "1567"]
[EventDate "2011.??.??"]
[PlyCount "68"]

1.g3 Nf6 2.Bg2 e6 3.Nf3 Be7 4.O-O O-O 5.d3 d5 6.Bf4 Nh5 7.Be3 c5 8.c3 Nc6 
9.Qc2 d4 10.cxd4 cxd4 11.Bc1 Bd7 12.b3 Rc8 13.Bb2 Nb4 14.Qd1 Nc2 15.Nbd2 
Nxa1 16.Qxa1 Bf6 17.Nxd4 e5 18.N4f3 Bc6 19.Ne4 Bxe4 20.dxe4 Re8 21.e3 g6 
22.Nxe5 Bxe5 23.Bxe5 f6 24.Bd4 Rc2 25.g4 Ng7 26.Bxf6 Qc7 27.e5 Ne6 28.Bd5 
Qa5 29.Qd4 h6 30.Bxe6+ Rxe6 31.Qd7 Rc7 32.Qxe6+ Kh7 33.Bd8 Qa6 34.Qxa6 Rd7
1-0

[Event "Rewal 2011 - Open B"]
[Site "Rewal"]
[Date "2011.08.25"]
[Round "6.1"]
[White "Nikitin, Aleksander I"]
[Black "Musialkiewicz, Pawel"]
[Result "1-0"]
[WhiteElo "2081"]
[BlackElo "1961"]
[EventDate "2011.??.??"]
[PlyCount "117"]

1.Nf3 d5 2.g3 Nf6 3.Bg2 c5 4.d3 e6 5.O-O Bd6 6.Nbd2 O-O 7.e4 Nc6 8.Re1 Qc7
9.Qe2 dxe4 10.dxe4 e5 11.c3 b6 12.Nf1 a5 13.a4 Ba6 14.Qc2 Rad8 15.Ne3 Be7 
16.Bf1 Bxf1 17.Kxf1 Rd7 18.Nc4 Rfd8 19.Bg5 h6 20.Bxf6 Bxf6 21.Qb3 Rd3 22.
Re3 Rxe3 23.Nxe3 Ne7 24.Nc4 Nc8 25.Re1 h5 26.h4 g6 27.Re3 Qe7 28.Qc2 Qe6 
29.b3 Qe8 30.Kg1 Qe6 31.Ne1 Bg7 32.Rd3 Bf6 33.Nf3 Rxd3 34.Qxd3 Kg7 35.Ne1 
g5 36.hxg5 Bxg5 37.Ng2 Kf8 38.Qd1 Qg6 39.Qd5 Ne7 40.Qxe5 h4 41.gxh4 Bf6 
42.Qd6 Kg7 43.e5 Bxh4 44.Qxg6+ Nxg6 45.Nxb6 Bg5 46.Nc4 f6 47.e6 Kf8 48.
Nxa5 Bd2 49.Nb7 c4 50.bxc4 Bxc3 51.Ne3 Bd4 52.Nd5 Ke8 53.Kf1 Be5 54.Ke2 
Nf8 55.f4 Nxe6 56.fxe5 fxe5 57.Nd6+ Kd7 58.Ne4 Kc6 59.Kd3 1-0

[Event "Rewal 2011 - Open B"]
[Site "Rewal"]
[Date "2011.08.25"]
[Round "6.2"]
[White "Bokiej, Przemyslaw"]
[Black "Lewtak, Damian"]
[Result "1-0"]
[WhiteElo "2097"]
[BlackElo "2093"]
[EventDate "2011.??.??"]
[PlyCount "59"]

1.e4 c5 2.Nf3 Nc6 3.Bb5 g6 4.Bxc6 dxc6 5.d3 Bg7 6.O-O e5 7.Nc3 Ne7 8.Be3 
b6 9.Qd2 O-O 10.Bh6 f6 11.Ne1 g5 12.Bxg7 Kxg7 13.Rd1 Ng6 14.Ne2 h5 15.c3 
h4 16.Nc2 Qe7 17.Ne3 Be6 18.d4 cxd4 19.cxd4 Rad8 20.Qc3 Nf4 21.Nxf4 exf4 
22.Nc2 c5 23.Rfe1 cxd4 24.Nxd4 Rc8 25.Qf3 Rfe8 26.e5 Rcd8 27.Qc3 Bg4 28.f3
Bd7 29.e6 Bxe6 30.Nf5+ 1-0

[Event "Rewal 2011 - Open B"]
[Site "Rewal"]
[Date "2011.08.25"]
[Round "6.3"]
[White "Sliwicki, Damian"]
[Black "Zielinski, Wojciech"]
[Result "0-1"]
[WhiteElo "1899"]
[BlackElo "2097"]
[EventDate "2011.??.??"]
[PlyCount "134"]

1.e4 e6 2.d4 b6 3.c4 Bb7 4.Nc3 Bb4 5.f3 f5 6.exf5 exf5 7.Bf4 Nf6 8.Bd3 O-O
9.Ne2 Nh5 10.O-O Nxf4 11.Nxf4 Nc6 12.Nfe2 Bxc3 13.bxc3 Qe7 14.Ng3 g6 15.
Re1 Qf6 16.Qd2 h5 17.Bc2 h4 18.Nh1 h3 19.g3 Nd8 20.d5 Nf7 21.f4 Nd6 22.Bb3
Ne4 23.Qd4 Nxc3 24.Qxf6 Rxf6 25.Nf2 b5 26.Rac1 bxc4 27.Bxc4 Nxd5 28.Re5 c6
29.Rb1 Bc8 30.Rxd5 Kg7 31.Re5 d5 32.Bd3 Be6 33.Rb7+ Rf7 34.Rb2 Rf6 35.Nxh3
c5 36.Ng5 Bg8 37.Rb7+ Kh8 38.Be2 c4 39.Bf3 Rc8 40.Rb1 Rd6 41.Kf2 d4 42.g4 
c3 43.Rc1 d3 44.Bd1 Bxa2 45.Nf3 fxg4 46.Nd2 Rdc6 47.Ra5 Be6 48.Ke3 cxd2 
49.Rxc6 Rxc6 50.Kxd2 Bf5 51.Rxa7 Rb6 52.Ra2 Rb4 53.Kc3 Rxf4 54.Bb3 Kg7 55.
Rd2 Kf6 56.Bc4 Rf3 57.Bxd3 Kg5 58.Kc2 Rxd3 59.Rxd3 Bxd3+ 60.Kxd3 Kf4 61.
Ke2 g3 62.h3 Kg5 63.Kf3 Kh4 64.Kg2 g5 65.Kh1 Kxh3 66.Kg1 g2 67.Kf2 Kh2 0-1

[Event "Rewal 2011 - Open B"]
[Site "Rewal"]
[Date "2011.08.25"]
[Round "6.4"]
[White "Nowak, Ryszard"]
[Black "Szostko, Jakub"]
[Result "1-0"]
[WhiteElo "2055"]
[BlackElo "1645"]
[EventDate "2011.??.??"]
[PlyCount "120"]

1.c4 e5 2.Nc3 Nf6 3.g3 d5 4.cxd5 Nxd5 5.Bg2 Nb6 6.Nf3 Nc6 7.d3 Be7 8.O-O 
O-O 9.Be3 Be6 10.Ne4 Nd5 11.Bc5 f6 12.Rc1 Rb8 13.Bxe7 Ndxe7 14.a3 Nd4 15.
Nc5 Bd5 16.Nxd4 exd4 17.Bxd5+ Qxd5 18.Qb3 Rfd8 19.Rc2 c6 20.Rfc1 f5 21.Rc4
Kh8 22.Ra4 Qxb3 23.Nxb3 Rd5 24.Rc5 Rxc5 25.Nxc5 b6 26.Ne6 a5 27.Rxd4 Nd5 
28.e4 fxe4 29.dxe4 Nf6 30.f3 Re8 31.Rd6 Rc8 32.Kf2 h6 33.Ke3 Kg8 34.Nd4 c5
35.Nf5 Re8 36.Nxh6+ Kh7 37.Nf5 b5 38.Ra6 a4 39.Ra7 Rg8 40.Rb7 b4 41.axb4 
cxb4 42.Rxb4 Re8 43.Rxa4 Nd5+ 44.Kd4 Nb6 45.Ra7 Rd8+ 46.Kc3 Rc8+ 47.Kb3 
Rg8 48.Rb7 Nc8 49.g4 Kg6 50.h4 Kf6 51.g5+ Ke5 52.Rxg7 Rxg7 53.Nxg7 Nd6 54.
Kc3 Nb5+ 55.Kd3 Nd4 56.f4+ Kxf4 57.Kxd4 Kg4 58.Ne6 Kxh4 59.g6 Kh5 60.g7 
Kh6 1-0

[Event "Rewal 2011 - Open B"]
[Site "Rewal"]
[Date "2011.08.25"]
[Round "6.5"]
[White "Jaskolka, Tomasz"]
[Black "Popiol, Michal"]
[Result "1-0"]
[WhiteElo "2003"]
[BlackElo "1821"]
[EventDate "2011.??.??"]
[PlyCount "31"]

1.e4 g6 2.d4 c6 3.Nc3 d5 4.e5 Bg7 5.f4 h5 6.Nf3 Nh6 7.Be3 Bg4 8.Bd3 Qb6 9.
Na4 Qc7 10.h3 Bxf3 11.Qxf3 h4 12.f5 gxf5 13.Bxf5 Bxe5 14.dxe5 Qxe5 15.Bc8 
Rg8 16.Qf4 1-0

[Event "Rewal 2011 - Open B"]
[Site "Rewal"]
[Date "2011.08.25"]
[Round "6.6"]
[White "Wisniewski, Michal"]
[Black "Aleksandrowicz, Marek"]
[Result "0-1"]
[WhiteElo "1713"]
[BlackElo "1959"]
[EventDate "2011.??.??"]
[PlyCount "128"]

1.e4 c6 2.d4 d5 3.exd5 cxd5 4.Bd3 Nc6 5.c3 Nf6 6.h3 e5 7.dxe5 Nxe5 8.Nf3 
Nxd3+ 9.Qxd3 Bd6 10.O-O O-O 11.Be3 Ne4 12.Nd4 Qh4 13.Nd2 Bxh3 14.N4f3 Qg4 
15.Nh4 Qxh4 16.gxh3 Qxh3 17.f4 Nxd2 18.Qxd2 Rfe8 19.Bd4 Re6 20.Rf2 Rg6+ 
21.Rg2 Bxf4 22.Qe2 Bh2+ 23.Kf1 Qf5+ 24.Bf2 Re6 25.Qd2 Bf4 26.Qd4 Qe5 27.
Qd3 Qe4 28.Qxe4 dxe4 29.Bd4 Be5 30.Be3 f5 31.Rd1 f4 32.Bd4 Rd8 33.Rgd2 
Red6 34.Bxe5 Rxd2 35.Rxd2 Rxd2 36.Bxf4 Rxb2 37.a3 Kf7 38.Be3 a6 39.Bd4 Ra2
40.Bc5 b5 41.Ke1 Ke6 42.Kf1 Kd5 43.Bf8 g6 44.Be7 Kc4 45.Bb4 Kb3 46.Ke1 h5 
47.Kd1 Rxa3 48.Ke2 Ra2+ 49.Ke3 h4 50.Kxe4 Ra4 51.Kf4 Rxb4+ 52.cxb4 Kxb4 
53.Kg4 g5 54.Kxg5 h3 55.Kg4 h2 56.Kg3 h1=Q 57.Kg4 a5 58.Kg5 a4 59.Kg6 a3 
60.Kg5 a2 61.Kg4 a1=Q 62.Kf4 Qf6+ 63.Ke3 Qhf3+ 64.Kd2 Q6c3# 0-1

[Event "Rewal 2011 - Open B"]
[Site "Rewal"]
[Date "2011.08.25"]
[Round "6.7"]
[White "Gawiec, Konrad"]
[Black "Karcz, Bartlomiej"]
[Result "0-1"]
[WhiteElo "1820"]
[BlackElo "1943"]
[EventDate "2011.??.??"]
[PlyCount "72"]

1.e4 e5 2.Nf3 Nc6 3.Nc3 Nf6 4.a3 d5 5.Bb5 d4 6.Ne2 Bd6 7.d3 Bd7 8.Bg5 h6 
9.Bh4 g5 10.Bg3 Qe7 11.h4 O-O-O 12.Nd2 Nh5 13.hxg5 hxg5 14.Bxc6 Bxc6 15.
Nc4 Nf4 16.Rg1 f5 17.f3 g4 18.Qd2 Nxg2+ 19.Rxg2 gxf3 20.Rg1 fxe2 21.Qxe2 
f4 22.Bf2 Rdf8 23.O-O-O Be8 24.Qg4+ Bd7 25.Qf3 Rh3 26.Qg2 f3 27.Qf1 Rh2 
28.Bg3 Bh3 29.Qe1 f2 30.Bxf2 Rhxf2 31.Qa5 Kb8 32.Qb5 Bd7 33.Qb3 Be6 34.Qb5
a6 35.Qa5 Qf7 36.Nxe5 Qf4+ 0-1

[Event "Rewal 2011 - Open B"]
[Site "Rewal"]
[Date "2011.08.25"]
[Round "6.8"]
[White "Zurkowski, Andrzej"]
[Black "Jedras, Piotr"]
[Result "0-1"]
[WhiteElo "2092"]
[BlackElo "1919"]
[EventDate "2011.??.??"]
[PlyCount "64"]

1.b3 c5 2.Bb2 Nc6 3.e3 d6 4.d4 cxd4 5.exd4 Nf6 6.Nf3 e6 7.Bd3 Be7 8.O-O 
Bd7 9.a3 Qc7 10.Re1 d5 11.Nbd2 O-O-O 12.c4 dxc4 13.bxc4 Kb8 14.Nb3 Bc8 15.
Qc2 Ka8 16.Rad1 Rhe8 17.Bf1 h6 18.d5 Na5 19.Nbd4 exd5 20.Nb5 Qc6 21.Qa4 b6
22.Ne5 Qb7 23.Nxf7 Rd7 24.Bxf6 Nxc4 25.Bxc4 gxf6 26.Nfd6 Bxd6 27.Bxd5 
Rxe1+ 28.Rxe1 Qxd5 29.Nc3 Qd2 30.Qe4+ Bb7 31.Qe8+ Bb8 32.Nb5 Qd5 0-1

[Event "Rewal 2011 - Open B"]
[Site "Rewal"]
[Date "2011.08.25"]
[Round "6.9"]
[White "Radzicki, Wieslaw"]
[Black "Gonsior, Monika"]
[Result "1/2-1/2"]
[WhiteElo "1820"]
[BlackElo "2059"]
[EventDate "2011.??.??"]
[PlyCount "76"]

1.d4 e6 2.c4 d5 3.Nf3 c6 4.e3 Bd6 5.b3 Nf6 6.Bd3 Ne4 7.Bb2 f5 8.Nbd2 Nd7 
9.Ne5 Qf6 10.Ndf3 Bb4+ 11.Kf1 O-O 12.c5 g5 13.a3 Ba5 14.Nxd7 Bxd7 15.Ne5 
Be8 16.f3 Qh6 17.b4 Bc7 18.Kg1 g4 19.f4 Nf6 20.g3 Qg7 21.a4 a6 22.Qe2 h5 
23.Kg2 Bd7 24.Bc3 Rfb8 25.h3 Bxe5 26.dxe5 Nh7 27.hxg4 hxg4 28.Rh4 Be8 29.
Qb2 Qe7 30.Rah1 Bg6 31.Qe2 Qg7 32.Ra1 Nf8 33.Qc2 Nd7 34.a5 Kf8 35.Rah1 Ke7
36.Kg1 Rh8 37.Qh2 Rxh4 38.Qxh4+ Kf7 1/2-1/2

[Event "Rewal 2011 - Open B"]
[Site "Rewal"]
[Date "2011.08.25"]
[Round "6.10"]
[White "Borowicz, Przemyslaw"]
[Black "Miechowicz, Witold"]
[Result "1-0"]
[WhiteElo "1989"]
[BlackElo "1916"]
[EventDate "2011.??.??"]
[PlyCount "49"]

1.d4 Nf6 2.c4 e5 3.dxe5 Ne4 4.Nf3 Nc6 5.e3 Bb4+ 6.Nbd2 Qe7 7.Bd3 Nc5 8.Be2
Nxe5 9.O-O Bxd2 10.Bxd2 Ne4 11.Be1 Nf6 12.Bc3 d6 13.Nxe5 dxe5 14.Qa4+ Nd7 
15.Rfd1 O-O 16.Qa5 b6 17.Qd5 Rb8 18.Rd2 Qg5 19.f4 Qh6 20.Bxe5 c6 21.Qd6 f6
22.Qe6+ Kh8 23.Bxb8 Nxb8 24.Qe7 Rg8 25.Rd8 1-0

[Event "Rewal 2011 - Open B"]
[Site "Rewal"]
[Date "2011.08.25"]
[Round "6.11"]
[White "Sowa, Martyna"]
[Black "Botor, Michal"]
[Result "0-1"]
[WhiteElo "1720"]
[BlackElo "1987"]
[EventDate "2011.??.??"]
[PlyCount "58"]

1.c4 e5 2.e3 g6 3.Nc3 Bg7 4.g3 Ne7 5.Bg2 d6 6.Nge2 O-O 7.O-O f5 8.d4 Nd7 
9.b4 Nf6 10.Qb3 c6 11.dxe5 dxe5 12.Rd1 Qc7 13.c5+ Kh8 14.Bb2 Bd7 15.a4 Be8
16.b5 Bf7 17.Qa3 Ned5 18.Nxd5 Nxd5 19.e4 fxe4 20.Bxe4 Be6 21.Nc3 Qf7 22.
Rd2 Rad8 23.Nxd5 cxd5 24.Bg2 d4 25.Be4 Bd5 26.Bxd5 Qxd5 27.Re1 Rf3 28.Qa1 
Qxc5 29.Ba3 Qxa3 0-1

[Event "Rewal 2011 - Open B"]
[Site "Rewal"]
[Date "2011.08.25"]
[Round "6.12"]
[White "Blasiak, Miroslaw"]
[Black "Blaszkiewicz, Mateusz"]
[Result "0-1"]
[WhiteElo "1961"]
[BlackElo "1871"]
[EventDate "2011.??.??"]
[PlyCount "62"]

1.e4 c5 2.Nf3 d6 3.d4 cxd4 4.Nxd4 Nf6 5.Nc3 g6 6.Be3 Bg7 7.f3 O-O 8.Qd2 
Nc6 9.Bc4 Bd7 10.O-O-O Rc8 11.Bb3 Ne5 12.h4 Nc4 13.Bxc4 Rxc4 14.h5 Nxh5 
15.g4 Nf6 16.e5 Nxg4 17.fxg4 Bxg4 18.Rdg1 dxe5 19.Qh2 h5 20.Rxg4 exd4 21.
Qh4 Rxc3 22.bxc3 dxe3 23.Rg2 Qd5 24.Rhg1 Qxa2 25.Qb4 Qa1+ 26.Qb1 Qxc3 27.
Re2 Qa3+ 28.Kd1 Rd8+ 29.Ke1 Qa5+ 30.Kf1 Qf5+ 31.Kg2 Qg4+ 0-1